Statistics for Random European Flag to Country

Click here to take the quiz!

General Stats

  • This quiz has been taken 122,635 times
  • The average score is 8 of 10

Answer Stats

Answer% Correct
Germany
96%
United Kingdom
96%
France
95%
Greece
95%
Italy
95%
Spain
95%
Sweden
95%
Ireland
94%
Switzerland
94%
Ukraine
94%
Finland
93%
Norway
93%
Belgium
92%
Poland
92%
Russia
92%
Portugal
91%
Albania
90%
Denmark
90%
Croatia
89%
Iceland
89%
Netherlands
88%
Vatican City
87%
Estonia
86%
Romania
86%
Czechia
85%
North Macedonia
85%
Austria
84%
Hungary
83%
Kosovo
82%
Serbia
82%
Slovakia
82%
Bosnia and Herzegovina
81%
Malta
80%
Slovenia
80%
Bulgaria
78%
Luxembourg
78%
San Marino
78%
Belarus
77%
Latvia
77%
Monaco
76%
Lithuania
73%
Moldova
71%
Montenegro
70%
Andorra
69%
Liechtenstein
69%

Score Distribution

Percentile by Number Answered

Percent of People with Each Score

Your Score History

You have not taken this quiz